| 000 | 00823nam a2200229 a 4500 | ||
|---|---|---|---|
| 005 | 19820422000000.0 | ||
| 008 | 820422s1980 ii bcfj 000 0 eng | ||
| 010 | _aENG-92321 | ||
| 020 |
_c35.00 _a8177352067 |
||
| 035 | _aEN-75854 | ||
| 037 | _bDBAD / PUB | ||
| 040 |
_adpl _bEnglish |
||
| 082 | _a483.1 | ||
| 100 | _aSrinivasan, V. | ||
| 245 |
_aPavai's idioms and phrases / _cby V. Srinivasan |
||
| 260 |
_bPavai Publications _c2005 _aChennai |
||
| 270 |
_a142, Jain Jan Khan Road, Royapettah _bChennai _e600014 |
||
| 300 |
_a139p. _c22cm (pbk) |
||
| 650 |
_aEnglish language _xIdioms. |
||
| 942 |
_2ddc _cEN _mSRI _h483.1 |
||
| 999 |
_c20451 _d20451 |
||